00506nam a22001697a 450000500170000001000150001702000260003203500140005803700090007208200060008110000280008724500960011526000300021130000550024165000250029670000150032120240718142411.0 aHIN-128000 c199.00a9788194503811 aHN-100346 bDBAD aN aGAUR, TARUN  aएक आदमी अपने जादुई पतों के साथ/cTARUN GAUR bBLUEROSE PUBLISHERSc2020 a158 पृ.c21 सेमी. (अजिल्द) aहिन्दी  aTARUN GAUR